| 000 | 00511nam a2200169 i 4500 | ||
|---|---|---|---|
| 001 | 72931 | ||
| 003 | ES-MaACL | ||
| 007 | t| | ||
| 008 | 040903s1985 sp ||||1| spa d | ||
| 020 | _a84-7626-001-6 | ||
| 100 | 1 |
_aGómez, M. T. _957782 |
|
| 245 | 1 | 0 |
_aSpectravideo _b: programación avanzada / _cM.T. Gómez, E. López. |
| 260 |
_aMadrid : _bIndescomp : _bAula de Informática Aplicada, _c1985. |
||
| 300 |
_aVIII, 212 p. ; _c24 cm. |
||
| 700 | 1 |
_aLópez, E. _973323 |
|
| 852 |
_aES-MaACL _jG-7000 _bR.114010 |
||
| 999 |
_c72931 _d72931 |
||